00839cam a22002777a 4500003000500000005001700005008004100022010001000063011001000073020001500083035001000098040000900108082001900117110000800136245014500144260002400289300001100313490004800324650002200372650003600394700002600430700002000456700002000476700001700496830004800513CHAP20220817043552.0990817s1996 it rn 00010 eng d a78742 a79714 a9251039356 a90107 cCHAP04a634.98bF3 v.92 aFAO10aDomestication and commercialization of non-timber forest products in agroforestry systems :bproceedingsc/ed. by R.R.B. Leakey [and others] aRome :bFAO,c1996. a297 p. 0aFAO. Productos forestales no madererosv; 914aAgroforestería.14aProductos forestalesxMercadeo.0 aLeakey, R. R. B.eed.0 aMelnyk, M.eed.0 aTemu, A.B.eed.0 aVantomme, P. 0aFAO. Productos forestales no madererosv; 9